Introduction à la politique comparée (notice n° 2197670)

détails MARC
000 -LEADER
fixed length control field 01237cam a2200133 4500500
005 - DATE AND TIME OF LATEST TRANSACTION
control field 20260405085441.0
041 ## - LANGUAGE CODE
Language code of text/sound track or separate title fre
042 ## - AUTHENTICATION CODE
Authentication code dc
100 10 - MAIN ENTRY--PERSONAL NAME
Personal name Morlino, Leonardo
Relator term author
245 00 - TITLE STATEMENT
Title Introduction à la politique comparée
260 ## - PUBLICATION, DISTRIBUTION, ETC.
Name of publisher, distributor, etc. Armand Colin,<br/>
Date of publication, distribution, etc. 2013.<br/>
520 ## - SUMMARY, ETC.
Summary, etc. Toute recherche qui se veut « scientifique », même au sens le plus large du terme, ne peut faire abstraction d’une analyse préalable de ses aspects méthodologiques. Il faut commencer par déterminer un sujet qui suscite notre intérêt et notre curiosité ; puis se poser une question qui le concerne ; procéder à la formulation d’une ou de plusieurs hypothèses de travail ; puis au choix des cas à étudier et, enfin, au recueil des données nécessaires pour répondre à la question soulevée et vérifier la ou les hypothèses formulées. Comparer est donc important, à tel point que l’on compare souvent implicitement, voire inconsciemment dans notre activité quotidienne. Cet ouvrage a pour objectif de faire comprendre de manière simple ce qu’est la comparaison et comment l’utiliser.
856 41 - ELECTRONIC LOCATION AND ACCESS
Uniform Resource Identifier <a href="https://shs.cairn.info/introduction-a-la-politique-comparee--9782200279271?lang=fr&redirect-ssocas=7080">https://shs.cairn.info/introduction-a-la-politique-comparee--9782200279271?lang=fr&redirect-ssocas=7080</a>

Pas d'exemplaire disponible.

PLUDOC

PLUDOC est la plateforme unique et centralisée de gestion des bibliothèques physiques et numériques de Guinée administré par le CEDUST. Elle est la plus grande base de données de ressources documentaires pour les Étudiants, Enseignants chercheurs et Chercheurs de Guinée.

Adresse

627 919 101/664 919 101

25 boulevard du commerce
Kaloum, Conakry, Guinée

Réseaux sociaux

Powered by Netsen Group @ 2025